<?xml version="1.0" encoding="UTF-8"?>
<collection xmlns="http://www.loc.gov/MARC21/slim">
 <record>
  <leader>     na                 </leader>
  <controlfield tag="001">INLIS000000000694134</controlfield>
  <controlfield tag="005">20220531084225</controlfield>
  <datafield tag="035" ind1=" " ind2=" ">
   <subfield code="a">0010-0522000016</subfield>
  </datafield>
  <controlfield tag="007">ta</controlfield>
  <controlfield tag="008">220531                g          0 ind  </controlfield>
  <datafield tag="040" ind1=" " ind2=" ">
   <subfield code="a">JIPUBAY</subfield>
  </datafield>
  <datafield tag="100" ind1="0" ind2=" ">
   <subfield code="a">Bambang kelana simpony</subfield>
  </datafield>
  <datafield tag="245" ind1="1" ind2=" ">
   <subfield code="a">Penanganan keamanan jaringan komputer /</subfield>
   <subfield code="c">Bambang kelana simpony</subfield>
  </datafield>
  <datafield tag="250" ind1=" " ind2=" ">
   <subfield code="a">Cet.1</subfield>
  </datafield>
  <datafield tag="300" ind1=" " ind2=" ">
   <subfield code="a">112 hlm ;</subfield>
   <subfield code="c">17 x 24 cm.</subfield>
  </datafield>
  <datafield tag="020" ind1=" " ind2=" ">
   <subfield code="a">978-623-6433-18-8</subfield>
  </datafield>
  <datafield tag="082" ind1=" " ind2=" ">
   <subfield code="a">005.8</subfield>
  </datafield>
  <datafield tag="084" ind1=" " ind2=" ">
   <subfield code="a">005.8 BAM p</subfield>
  </datafield>
  <datafield tag="260" ind1=" " ind2=" ">
   <subfield code="a">Yogyakarta :</subfield>
   <subfield code="b">Teknosain,</subfield>
   <subfield code="c">2021</subfield>
  </datafield>
  <datafield tag="520" ind1=" " ind2=" ">
   <subfield code="a">Buku ini membahas tiga hal penting yang saling berkaitan dalam lingkup ilmu komputer. Pertama membahas tentang Keamanan Jaringan Komputer dimulai dari pembahasan dasar keamanan jaringan komputer, dasar dalam keamanan sistem informasi, firewall, malware pada jaringan komputer, sampai ke pembahasan keamanan mail server, dan tidak hanya itu membahas juga keamanan pada jaringan nirkabel. Hal kedua membahas tentang keamanan website dimulai dari arsitektur web, server web, sertifikat website serta malware yang ada pada website. Terakhir, buku ini membahas keamanan dari sistem operasi Linux, Windows, Mac, serta sistem operasi mobile Android. Dengan menggabungkan tiga hal tersebut, diharapkan pembaca mendapatkan informasi lengkap dan bermanfaat.</subfield>
  </datafield>
  <datafield tag="650" ind1=" " ind2="4">
   <subfield code="a">Jaringan komputer</subfield>
  </datafield>
  <datafield tag="700" ind1="0" ind2=" ">
   <subfield code="a">Kyla salwa putri denilla</subfield>
  </datafield>
  <datafield tag="700" ind1="0" ind2=" ">
   <subfield code="a">Ratu riqsa aqidah ridwan</subfield>
  </datafield>
  <datafield tag="700" ind1="0" ind2=" ">
   <subfield code="a">Muhammad ikhsan</subfield>
  </datafield>
  <datafield tag="850" ind1=" " ind2=" ">
   <subfield code="a">JIPUBAY</subfield>
  </datafield>
 </record>
</collection>
